Biblioteca

Animándonos unos a otros (Registro nro. 44733)

Detalles MARC
000 -LÍDER
Campo fijo de descripción fija 01394aam a22003254i 4500
001 - NÚMERO DE CONTROL
Campo de control 768714001
003 - IDENTIFICADOR DEL NÚMERO DE CONTROL
Campo de control CO-MdFUSB
005 - FECHA Y HORA DE LA ULTIMA TRANSACCIÓN
control field 20250516104344.0
008 - ELEMENTOS DE LONGITUD FIJA -- INFORMACIÓN GENERAL
Campo fijo de descripción fija -- Información general 170915b1989 mx ||||| |||| 00| 0 spa d
020 ## - NÚMERO INTERNACIONAL NORMALIZADO PARA LIBROS
Número Internacional Normalizado del libro 966002707
040 ## - FUENTE DE CATALOGACIÓN
Agencia de catalogación original CO-MdFUSB
Idioma de catalogación spa
Agencia que realiza la transcripción CO-MdFUSB
Agencia que realiza la modificación CO-MdFUSBC
Convenciones de la descripción rda
041 0# - CÓDIGO DE IDIOMA
Código de idioma para texto/pista de sonido o título separado spa
082 ## - NÚMERO DE CLASIFICACIÓN DECIMAL DEWEY
Número de la edición del Dewey 22
Número de clasificación 248.2
Clave de autor-Numero de item G394a
100 1# - ASIENTO PRINCIPAL--NOMBRE PERSONAL
Nombre personal Getz , Gene A.
Término relacionador autor
245 00 - TÍTULO
Título del Material Animándonos unos a otros
Mención de responsabilidad, etc. / Gene A. Getz
264 #1 - PRODUCCIÓN, PUBLICACIÓN, DISTRIBUCIÓN, MANUFACTURA, Y COPYRIGHT
Lugar de producción, publicación, distribución, manufactura Puebla , México :
Nombre del productor, publicador, distribuidor Ediciones las américas,
Fecha de producción, publicación, distribución, manufactura, o copyright [1989]
264 #4 - PRODUCCIÓN, PUBLICACIÓN, DISTRIBUCIÓN, MANUFACTURA, Y COPYRIGHT
Fecha de producción, publicación, distribución, manufactura, o copyright ©1989
300 ## - DESCRIPCIÓN FÍSICA
Extensión 180 páginas :
Dimensiones 20 cm.
336 ## - TIPO DE CONTENIDO
Fuente rdacontent
Término de tipo de contenido texto
Código de tipo de contenido txt
337 ## - TIPO DE MEDIO
Fuente rdamedia
Nombre del tipo de medio sin mediación
Código del tipo de medio n
338 ## - TIPO DE SOPORTE
Fuente rdacarrier
Nombre del tipo de soporte volumen
Código Tipo de soporte nc
490 ## - MENCIÓN DE SERIE
Mención de serie Serie unos a otros
505 ## - NOTA DE CONTENIDO
Nota de contenido con formato preestablecido Prefacio - Agradecimientos -- Congregándose unos a otros - El gran Consolador - Bernabé : el hijo de consolación, primer acto - Bernabé : el hijo de consolación, segundo acto -- Bernabé : el hijo de consolación, tercer acto - Viviendo por Cristo en un mundo clasificación "C" - Un mensaje de ánimo - Viviendo por Cristo es un mundo incrédulo - Otro mensaje de aliento - El modelo que Pablo utilizaba para animar a otros - Animándonos unos a otros con palabras - El Dios de toda la consolación.
563 ## - NOTA DE ENCUADERNACIÓN
Nota de encuadernación Rústico
650 #0 - ASIENTO SECUNDARIO DE MATERIA - TERMINO TEMÁTICO
9 (RLIN) 19
Término temático o nombre geográfico como elemento de entrada Vida cristiana
653 ## - TÉRMINO DE INDIZACIÓN - NO CONTROLADO
Término no controlado Fraternidad
653 ## - TÉRMINO DE INDIZACIÓN - NO CONTROLADO
Término no controlado Comunión
942 ## - TIPO DE MATERIAL (KOHA)
Tipo de Item KOHA Libros General
945 ## - INFORMACIÓN LOCAL DEL REGISTRO
Catalogador Elías Tolentino
Existencias
Estado de Material Estado de Perdido Forma de Clasificación Estado de Dañado No para Préstamo Colección Tomo Biblioteca de Origen Biblioteca Permanente Fecha de Adquisición Total de Préstamos Signatura Topográfica Código de Barras Última vez visto Ejemplar/Existencia Fecha de Remplazo Tipo de Material
    Dewey Decimal Classification     Colección General   Biblioteca FUSBC Biblioteca FUSBC 15/04/2014   G 248.2 G394a 18301 01/08/2023 Ej. 1 26/01/2016 Libros General

Biblioteca FUSBC | Teléfono: (57+4) 349 88 10 Ext. 141| WhatsApp (+57) 3005338115 
E-mail: biblioteca@unisbc.edu.co | Calle 76 87-14 Robledo Palenque, Medellín, Colombia

Con tecnología Koha